00465nam a2200121 a 4500008004100000050001900041100002100060245011400081260009200195350000900287650003400296650001300330120214s1993 xx |||||||||||||| || u aTHESIS/STUDENT aSimushi, Sitwala10aBidding strategy -major contractors' competitive strategies to get jobs in Zambiacthesis by Simushi, Sitwala abCopperbelt University, School of Built Environment, Department Building Sciencec1993 a0.00 aCONSTRUCTION INDUSTRY--ZAMBIA aBUILDING